Normal view
MARC view
- Robert B. Charlick
Entry Personal Name
001 - CONTROL NUMBER
- control field: 9165
003 - CONTROL NUMBER IDENTIFIER
- control field: NUST
005 - DATE AND TIME OF LATEST TRANSACTION
- control field: 20180119202057.0
008 - FIXED-LENGTH DATA ELEMENTS
- fixed length control field: 180119|| aca||aabn | a|a d
040 ## - CATALOGING SOURCE
- Original cataloging agency: NUST
- Transcribing agency: NUST
100 ## - HEADING--PERSONAL NAME
- Personal name: Robert B. Charlick
670 ## - SOURCE DATA FOUND
- Source citation: Work cat.: (NUST)320844: Robert B. Charlick, Niger : Personal Rule and Survival in the Sahel, 1991
